000 00902nam a2200217 a 4500
001 BRCA_1173
005 20190320203320.0
008 970826s1996 mx-a---###---#000-0#spa-#
020 _a9709123521
040 _aDLC
_cDLC
050 4 _aND259
_b.G47 1996
245 1 0 _aGerónimo de León ... pintor de milagros
_brevelación de la obra inédita de un maestro mexicano, un testimonio pictórico y literario de las maravillas del Señor de los Rayos de Temastián, Jalisco
_ccoordinado por Francisco Baños Urquijo.
260 _aMéxico
_bEmpresario : Productos Roche
_c1996
300 _a126 p.
_bil. a color
_c24 cm.
600 1 4 _aJesucristo
_xArte
_92253
600 1 4 _aGeronimo de León
_dfl. 1885-1915
_xTemas, motivos
_93879
610 2 4 _aSantuario del Señor de los Rayos
_zTemastián (México)
_93880
650 1 4 _aExvotos en arte
_93580
700 1 _aBanõs Urquijo, Francisco
_93881
942 _2lcc
_cB
999 _c1050
_d1050